000
00273nam a22001097a 4500
082
_a
550 KUT'V
100
_a
KUTSENKONS, F.C,JONES, J.J,RANDALL, F.C
_9
77128
245
_a
VOICES OF EARTH MAN'S ENVIRONMENT
260
_a
USA
_b
WORLDWIDE
_c
1971
300
_a
107P
942
_c
BK
999
_c
582457
_d
582457